Aprender a formar niños lectores y escritores. Talleres de formación docente
保存先:
| 第一著者: | |
|---|---|
| フォーマット: | 図書 |
| 言語: | スペイン語 |
| 出版事項: |
Santiago
Unesco-Dolmen Ediciones
1997
|
| 主題: | |
| タグ: |
タグ追加
タグなし, このレコードへの初めてのタグを付けませんか!
|
MARC
| LEADER | 00000nam a2200000 a 4500 | ||
|---|---|---|---|
| 001 | UCH6794 | ||
| 003 | CL-VaPUC | ||
| 008 | 091109e19970000CL |||||||||||||||||spa|d | ||
| 020 | |a 9562012700 | ||
| 082 | 0 | 4 | |a 372.6 |b INO |2 21 |
| 100 | |a Inostroza de Celis, Gloria |e author |9 543397 | ||
| 245 | 1 | 0 | |a Aprender a formar niños lectores y escritores. Talleres de formación docente |
| 300 | |a 296 p | ||
| 942 | |c BK | ||
| 945 | |d 20091109 00:00:00 |a ccalabra | ||
| 260 | |a Santiago |b Unesco-Dolmen Ediciones |c 1997 | ||
| 650 | 0 | |a Métodos de enseñanza |9 270413 | |
| 650 | 0 | |a Recursos educacionales |9 283370 | |
| 650 | 0 | |a Expresión oral |9 334815 | |
| 650 | 0 | |a Expresión escrita |9 334816 | |
| 650 | 0 | |a Educación lingüística |9 306506 | |
| 650 | 0 | |a Psicología del aprendizaje |9 306854 | |
| 650 | 0 | |a Comprensión de lectura |9 307588 | |
| 650 | 0 | |a Gramática |9 270497 | |
| 583 | |a last modification |c 20170927 11:37:50 |k Rodrigo Vera | ||
| 999 | |c 337618 |d 337616 | ||